| Tag |
First Indicator |
Second Indicator |
Subfields |
| LEADER |
00000cas a2200000 a 4500 |
| 001 |
in00001148521 |
| 005 |
20151001070652.0 |
| 008 |
820120d19521959stkmr p o 0 0eng d |
| 022 |
|
|
|a 0466-7328
|
| 035 |
|
|
|a (OCoLC)08076919
|
| 035 |
|
|
|9 AGE1156AM
|
| 040 |
|
|
|a EEM
|c EEM
|d TXA
|d UtOrBLW
|
| 049 |
|
|
|a TXAE
|
| 090 |
|
|
|a PR1309.S3
|b N42
|
| 245 |
0 |
0 |
|a Nebula science fiction.
|
| 264 |
|
1 |
|a Glasgow, Scotland :
|b Crownpoint Publications.
|
| 300 |
|
|
|a volumes :
|b illustrations ;
|c 22 cm.
|
| 310 |
|
|
|a Monthly,
|b May 1957-June 1959
|
| 321 |
|
|
|a Bimonthly.
|b autumn 1953-Mar. 1957
|
| 321 |
|
|
|a Quarterly,
|b autumn 1952-summer 1953
|
| 336 |
|
|
|a text
|b txt
|2 rdacontent
|
| 337 |
|
|
|a unmediated
|b n
|2 rdamedia
|
| 338 |
|
|
|a volume
|b nc
|2 rdacarrier
|
| 362 |
0 |
|
|a No. 1 (autumn 1952)-no.41 (June 1959).
|
| 500 |
|
|
|a Title from cover.
|
| 500 |
|
|
|a Imprint varies: Number 6-no. 41 published by Peter Hamilton.
|
| 515 |
|
|
|a Issues for autumn 1952-Apr. 1954 also called vol. 1, no. 1-v. 2, no. 4.
|
| 650 |
|
0 |
|a Science fiction
|v Periodicals.
|
| 999 |
|
|
|a MARS
|
| 999 |
f |
f |
|s 96fdbe75-0343-32df-8847-d770df8108f4
|i 9434b59e-a9f0-3665-ab2c-dd796a771646
|t 0
|
| 952 |
f |
f |
|p noncirc
|a Texas A&M University
|b College Station
|c Cushing Memorial Library & Archives
|d Cushing: Science Fiction (Does not check out)
|t 0
|e PR1309.S3 N42
|h Library of Congress classification
|i unmediated -- volume
|
| 998 |
f |
f |
|a PR1309.S3 N42
|s v.1:no.1 (1952:Autumn)-no.41 (1959:Aug.)
|t 0
|l Cushing: Science Fiction (Does not check out)
|